2011 NASCAR Sprint Cup Series Drivers - Statistics

General Stats
  • This quiz has been taken 181 times
  • The average score is 29 of 37
Answer Stats
Team Car # Driver % Correct
Team Penske 22 Kurt Busch
98%
Joe Gibbs Racing 18 Kyle Busch
98%
Stewart-Haas Racing 14 Tony Stewart
98%
Joe Gibbs Racing 11 Denny Hamlin
97%
Hendrick Motorsports 24 Jeff Gordon
97%
Team Penske 2 Brad Keselowski
95%
Hendrick Motorsports 88 Dale Earnhardt Jr
95%
Joe Gibbs Racing 20 Joey Logano
94%
Richard Childress Racing 29 Kevin Harvick
94%
Stewart-Haas Racing 39 Ryan Newman
94%
Roush Fenway Racing 17 Matt Kenseth
93%
Hendrick Motorsports 48 Jimmie Johnson
92%
Michael Waltrip Racing 56 Martin Truex Jr
90%
Roush Fenway Racing 99 Carl Edwards
88%
Chip Ganassi Racing 1 Jamie McMurray
88%
Red Bull Racing 4 Kasey Kahne
86%
Hendrick Motorsports 5 Mark Martin
84%
Richard Childress Racing 33 Clint Bowyer
83%
Roush Fenway Racing 16 Greg Biffle
82%
Wood Brothers Racing 21 Trevor Bayne
80%
Red Bull Racing 83 Brian Vickers
79%
Roush Fenway Racing 6 David Ragan
79%
Chip Ganassi Racing 42 Juan Pablo Montoya
79%
Richard Petty Motorsports 9 Marcos Ambrose
78%
Richard Childress Racing 27 Paul Menard
78%
Richard Childress Racing 31 Jeff Burton
76%
Germain Racing 13 Casey Mears
75%
NEMCO Motorsports 87 Joe Nemechek
72%
Richard Petty Motorsports 43 AJ Allmendinger
71%
Furniture Row Racing 78 Regan Smith
71%
Front Row Motorsports 34 David Gilliland
68%
JTG Daugherty Racing 47 Bobby Labonte
67%
Michael Waltrip Racing 00 David Reutimann
67%
Phil Parsons Racing 66 Michael McDowell
56%
Tommy Baldwin Racing 36 Dave Blaney
49%
Front Row Motorsports 38 Travis Kvapil
26%
TRG Motorsports 71 Andy Lally
20%
No matching quizzes found
Score Distribution
Percent of People with Each Score
Percentile by Number Answered
Your Score History
You have not taken this quiz